[Event "Sparkassen Open A"]
[Site "Dortmund GER"]
[Date "2011.07.30"]
[Round "8.9"]
[White "Steinle, Carsten"]
[Black "Kuznetsov, Mark"]
[Result "0-1"]
[WhiteElo "2146"]
[BlackElo "2184"]
[WhiteFideId "24676462"]
[BlackFideId "24648019"]
[EventDate "2011.07.23"]

1. d4 e6 2. Nf3 c5 3. c3 Nf6 4. Bf4 Nc6 5. e3 d5 6. Bd3 Be7 7. Nbd2 O-O 8. Ne5
Qb6 9. Rb1 cxd4 10. exd4 Nxe5 11. Bxe5 Bd7 12. Qf3 Bb5 13. Bc2 Nd7 14. Qh3 g6
15. Nf3 Nxe5 16. Nxe5 f6 17. Nxg6 hxg6 18. Bxg6 Rf7 19. Bxf7+ Kxf7 20. Qh7+ Ke8
21. Qh8+ Bf8 22. Qxf6 Kd7 23. h4 Qc6 24. Rh3 Qc4 25. Qf7+ Be7 26. Re3 Qc6 27. b3
Rf8 28. Qh7 Qd6 29. g3 Qa3 30. Qc2 Rc8 31. Qb2 Qa6 32. a4 Bd3 33. Rd1 Bf5 34.
Qe2 Qd6 35. Qb5+ Kc7 36. b4 Kb8 37. a5 a6 38. Qe2 Rg8 39. Kd2 Qc6 40. Rc1 Bf8
41. Qh5 Bd6 42. Qe2 Rg4 43. f4 Qd7 44. Rf1 Qg7 45. Qe1 Be4 46. Kc1 Qc7 47. Kb2
Qc4 48. Rf2 Rg8 49. Qe2 Qc6 50. Rh2 Qa4 51. Qe1 Rc8 52. Qa1 Qb5 53. Qa3 Qf1 54.
Qb3 Qb1+ 55. Ka3 Qc1+ 0-1

[Event "Sparkassen Open A"]
[Site "Dortmund GER"]
[Date "2011.07.30"]
[Round "8.10"]
[White "Hobusch, Jan"]
[Black "Kartsev, Soel"]
[Result "0-1"]
[WhiteElo "1934"]
[BlackElo "2182"]
[WhiteFideId "12907634"]
[BlackFideId "4130561"]
[EventDate "2011.07.23"]

1. d4 f5 2. Bf4 d6 3. e3 g6 4. h4 Nf6 5. h5 Bg7 6. h6 Bf8 7. c4 e6 8. Nc3 Be7 9.
Nf3 O-O 10. Qc2 a5 11. Bd3 Na6 12. a3 Bd7 13. O-O-O c5 14. Rhg1 Ng4 15. Nh2 cxd4
16. exd4 Nxh2 17. Bxh2 b5 18. cxb5 Nb4 19. Qe2 Nxd3+ 20. Qxd3 a4 21. f4 Qb6 22.
d5 Rfc8 23. Kb1 Bf6 24. dxe6 Rxc3 25. Qxd6 Qxb5 26. Qb4 Rb3 27. Qxb5 Bxb5 28.
Rd2 Bd3+ 0-1

[Event "Sparkassen Open A"]
[Site "Dortmund GER"]
[Date "2011.07.30"]
[Round "8.11"]
[White "Wittenberg, Andreas"]
[Black "Conrad, Joachim"]
[Result "0-1"]
[WhiteElo "2166"]
[BlackElo "2079"]
[WhiteFideId "24678155"]
[BlackFideId "24623083"]
[EventDate "2011.07.23"]

1. d4 d6 2. Nf3 Nf6 3. c4 Nbd7 4. d5 e5 5. Nc3 g6 6. g3 Bg7 7. Bg2 a5 8. O-O O-O
9. Ne1 Nh5 10. e4 Nc5 11. Be3 b6 12. Bxc5 bxc5 13. a3 Bd7 14. b3 Rb8 15. Rb1 Qe8
16. Nd3 f5 17. f3 Bh6 18. Qe2 Nf6 19. b4 axb4 20. axb4 cxb4 21. Nxb4 Rb6 22. Nd3
fxe4 23. Nxe4 Nxe4 24. fxe4 Rxb1 25. Rxb1 Qa8 26. c5 Rb8 27. Rxb8+ Qxb8 28. c6
Qa7+ 29. Kh1 Bc8 30. Nf2 Qa1+ 31. Qf1 Qd4 32. Bf3 Be3 33. Nd1 Bh6 34. Kg2 Kg7
35. Qe2 Qa4 36. Bg4 Ba6 37. Qf3 Qc2+ 38. Kh3 Bg5 39. Be6 Bf6 40. Ne3 Qb1 41. g4
h6 42. Bf5 Qe1 43. Bxg6 Qh4+ 44. Kg2 Kxg6 45. Qf5+ Kf7 46. Qh7+ Kf8 47. Qxc7 Be7
48. Qb8+ Kf7 49. c7 Qe1 50. Qa7 Qe2+ 51. Kg3 Bc8 0-1

[Event "Sparkassen Open A"]
[Site "Dortmund GER"]
[Date "2011.07.30"]
[Round "8.12"]
[White "Bramkamp, Rainer"]
[Black "Tran, Duc Cuong"]
[Result "1/2-1/2"]
[WhiteElo "2115"]
[BlackElo "1974"]
[WhiteFideId "4667298"]
[BlackFideId "24689718"]
[EventDate "2011.07.23"]

1. d4 Nf6 2. Nf3 g6 3. g3 Bg7 4. Bg2 O-O 5. O-O d6 6. a4 Nbd7 7. a5 a6 8. Nc3 e5
9. dxe5 dxe5 10. e4 Re8 11. Re1 Qe7 12. b3 c6 13. Ba3 Qd8 14. Bd6 Bf8 15. Bxf8
Rxf8 16. Qd6 Re8 17. Red1 Qe7 18. Qxe7 Rxe7 19. Nd2 b5 20. axb6 Nxb6 21. Bf1 Rd7
22. Nf3 Rxd1 23. Rxd1 Bg4 24. Be2 Bxf3 25. Bxf3 Ne8 26. Be2 Kf8 27. Ra1 a5 28.
Na4 Nd7 29. Rd1 Ke7 30. f3 Ra7 31. Kf2 Nc7 32. f4 f6 33. Ke3 Ne6 34. c3 Rb7 35.
Bc4 Nec5 36. Nxc5 Nxc5 37. Ra1 Nxb3 38. Ra3 Nc5 39. Rxa5 Nd7 40. Ra2 Rb6 41. Rd2
Rb1 42. Ra2 Rc1 43. Kd2 Rh1 44. Ke3 h6 45. Rf2 Re1+ 46. Re2 Ra1 47. Ra2 Rc1 48.
Kd2 Rh1 49. Ke3 h5 50. Rf2 Re1+ 51. Re2 Rd1 52. Rf2 Rb1 53. Rf1 Rb7 54. Rf2 Kd6
55. Rd2+ Ke7 1/2-1/2

[Event "Sparkassen Open A"]
[Site "Dortmund GER"]
[Date "2011.07.30"]
[Round "8.13"]
[White "Aulich, Marcell"]
[Black "Pueschel, Werner"]
[Result "1-0"]
[WhiteElo "2086"]
[BlackElo "2163"]
[WhiteFideId "24631981"]
[BlackFideId "4647025"]
[EventDate "2011.07.23"]

1. e4 c5 2. Nf3 e6 3. c3 b6 4. d4 Bb7 5. Bd3 Nf6 6. Qe2 cxd4 7. cxd4 Nc6 8. a3
Rc8 9. O-O Be7 10. Nc3 Na5 11. Bg5 h6 12. Bxf6 gxf6 13. d5 Nb3 14. Rad1 Nc5 15.
Bc4 a6 16. b4 b5 17. Ba2 Na4 18. Nxa4 bxa4 19. dxe6 fxe6 20. Bxe6 1-0

[Event "Sparkassen Open A"]
[Site "Dortmund GER"]
[Date "2011.07.30"]
[Round "8.14"]
[White "Chapman, Alan D"]
[Black "Baumhackel, Mario"]
[Result "1/2-1/2"]
[WhiteElo "2043"]
[BlackElo "2157"]
[WhiteFideId "406937"]
[BlackFideId "4636953"]
[EventDate "2011.07.23"]

1. e4 e6 2. Nf3 d5 3. Nc3 Nf6 4. e5 Nfd7 5. d4 c5 6. dxc5 Bxc5 7. Bd3 h6 8. Bf4
Nc6 9. h4 a6 10. a3 b5 11. Qe2 Nd4 12. Nxd4 Bxd4 13. Qh5 Bb7 14. O-O Bc6 15. Ne2
Bb6 16. b4 Qe7 17. Qg4 g5 18. hxg5 hxg5 19. Qxg5 Qxg5 20. Bxg5 Rh5 21. Bf4 O-O-O
22. Ng3 Rhh8 23. Rfe1 Rdg8 24. Be3 Bc7 25. Bd4 Rg5 26. Ne2 Bxe5 27. f4 Bxf4 28.
Bxh8 Be3+ 29. Kf1 e5 30. Ng1 d4 31. Nf3 Bxf3 32. gxf3 Rg1+ 33. Ke2 Rg2+ 34. Kd1
Rd2+ 35. Kc1 Rxd3+ 36. Kb2 Rd2 37. Rad1 Rf2 38. Rf1 Rh2 39. Rh1 Rf2 40. Rdf1 Rg2
41. Kb1 Nb6 42. Rh7 Nc4 43. Rfh1 d3 44. c3 Nxa3+ 45. Ka1 Nc2+ 46. Kb1 Na3+ 47.
Ka1 Nc2+ 48. Kb1 Na3+ 1/2-1/2

[Event "Sparkassen Open A"]
[Site "Dortmund GER"]
[Date "2011.07.30"]
[Round "8.15"]
[White "Kirsanova, Ekaterina"]
[Black "Virnyi, Julius"]
[Result "0-1"]
[WhiteTitle "WFM"]
[WhiteElo "2157"]
[BlackElo "2081"]
[WhiteFideId "4168810"]
[BlackFideId "24650919"]
[EventDate "2011.07.23"]

1. d4 Nf6 2. c4 g6 3. g3 Bg7 4. Bg2 O-O 5. Nc3 d6 6. Nf3 c6 7. O-O Bf5 8. Nh4
Be6 9. b3 d5 10. Qd3 Qa5 11. c5 Na6 12. Bd2 Qd8 13. a3 Ne4 14. b4 Nc7 15. Be3
Nxc3 16. Qxc3 a5 17. Rfb1 a4 18. Qd2 Nb5 19. Rd1 Re8 20. h3 Qc8 21. Kh2 Bd7 22.
f4 f6 23. Nf3 Bf5 24. Bf2 Be4 25. e3 e5 26. fxe5 fxe5 27. Nxe5 Bxg2 28. Kxg2
Bxe5 29. dxe5 Qf5 30. e4 Qxe4+ 31. Kh2 Qxe5 32. Re1 Qf5 33. g4 Qf3 34. Be3 Re4
35. Bh6 Rae8 36. Rxe4 Rxe4 37. Re1 Nc3 38. b5 Ne2 39. Bf4 Nxf4 40. Rxe4 Qxe4 41.
bxc6 bxc6 42. Kg3 Qd3+ 0-1

[Event "Sparkassen Open A"]
[Site "Dortmund GER"]
[Date "2011.07.30"]
[Round "8.19"]
[White "Neuer, Thomas"]
[Black "Butschek, Marc"]
[Result "1/2-1/2"]
[WhiteElo "2096"]
[BlackElo "1891"]
[WhiteFideId "24604089"]
[BlackFideId "4630904"]
[EventDate "2011.07.23"]

1. Nf3 f5 2. b3 Nf6 3. Bb2 g6 4. Bxf6 exf6 5. c4 Nc6 6. e3 Ne5 7. Nd4 b6 8. f4
Nf7 9. Be2 Bb7 10. Bf3 Be4 11. d3 Bb4+ 12. Kf2 Bxf3 13. Qxf3 O-O 14. a3 Bc5 15.
Nc2 Re8 16. b4 Bf8 17. Nc3 c6 18. Rhd1 Qc7 19. Rac1 Nd6 20. Nd4 a6 21. Nb3 Bg7
22. Na4 Nf7 23. c5 b5 24. Nc3 g5 25. g3 Nh6 26. Re1 Re7 27. Re2 Rae8 28. Rce1 d6
29. d4 d5 30. Kg1 g4 31. Qg2 Nf7 32. Nd1 Nd8 33. Ra2 Qd7 34. Ree2 Qe6 35. Ra1
Qe4 36. Qxe4 fxe4 37. Rea2 Ne6 38. Nc3 Rb7 39. Na5 Rc7 40. a4 f5 41. Nb3 Rec8
42. axb5 axb5 43. Ra6 Kf7 44. Rb6 Ke7 45. Raa6 Nd8 46. Kf1 Bf8 47. Ke2 Nb7 48.
Ra7 Nd8 49. Rba6 Kd7 50. Na5 Rxa7 51. Rxa7+ Rc7 1/2-1/2

[Event "Sparkassen Open A"]
[Site "Dortmund GER"]
[Date "2011.07.30"]
[Round "8.20"]
[White "Mulder, Bart-Piet"]
[Black "Zimmermann, Dirk"]
[Result "1/2-1/2"]
[WhiteElo "2260"]
[BlackElo "2075"]
[WhiteFideId "1006070"]
[BlackFideId "4677498"]
[EventDate "2011.07.23"]

1. d4 Nf6 2. Nf3 g6 3. c4 Bg7 4. g3 O-O 5. Bg2 d6 6. Nc3 Nbd7 7. e4 e5 8. O-O c6
9. h3 Qb6 10. c5 dxc5 11. dxe5 Ne8 12. e6 fxe6 13. Ng5 Ne5 14. f4 c4+ 15. Kh2
Nd3 16. e5 Nc7 17. Qe2 Nd5 18. Be4 Bh6 19. Qg4 Nf2 20. Qh4 Nxe4 21. Ncxe4 Bxg5
22. Nxg5 Qc7 23. Bd2 Qe7 24. Rae1 Bd7 25. g4 Rae8 26. Qg3 Qg7 27. Ne4 b5 28. Nd6
Re7 29. Qg1 a6 30. Qd4 Kh8 31. Re2 Be8 32. Be1 Rd7 33. Qe4 g5 34. f5 Nf4 35. Rd2
Qh6 36. Qf3 exf5 37. Nxf5 Qe6 38. Qe4 Rd5 39. Rxd5 cxd5 40. Qe3 Bg6 41. Nd4 Qb6
42. e6 Be4 43. Qa3 Kg8 44. Qe7 Qd8 45. Bb4 Qxe7 46. Bxe7 Re8 47. Bxg5 Nxe6 48.
Nxe6 Rxe6 49. Bf6 Kf7 50. g5 Bd3 51. Rf2 Re2 52. Rxe2 1/2-1/2

[Event "Sparkassen Open A"]
[Site "Dortmund GER"]
[Date "2011.07.30"]
[Round "8.21"]
[White "Weber, Martin"]
[Black "Mazarov, Juergen"]
[Result "1-0"]
[WhiteElo "2033"]
[BlackElo "2172"]
[WhiteFideId "12901369"]
[BlackFideId "24617768"]
[EventDate "2011.07.23"]

1. d4 d5 2. Nc3 Nf6 3. Bg5 e6 4. e4 dxe4 5. Nxe4 Be7 6. Nxf6+ Bxf6 7. Bxf6 Qxf6
8. Nf3 O-O 9. c3 Nd7 10. Bd3 c5 11. Qe2 cxd4 12. cxd4 Qf4 13. O-O Nf6 14. Qe5
Qh6 15. Be4 Nxe4 16. Qxe4 Rb8 17. Rac1 Qf6 18. Rc5 b6 19. Rc7 a5 20. Rfc1 Qd8
21. Ne5 Qd6 22. Qf4 f6 23. Qg4 g5 24. Qh5 1-0

[Event "Sparkassen Open A"]
[Site "Dortmund GER"]
[Date "2011.07.30"]
[Round "8.22"]
[White "Peter, Sebastian"]
[Black "Beutelhoff, Josef"]
[Result "0-1"]
[WhiteElo "1974"]
[BlackElo "2128"]
[WhiteFideId "24643521"]
[BlackFideId "4621336"]
[EventDate "2011.07.23"]

1. e4 e6 2. d3 c5 3. Nf3 d5 4. Nbd2 Nf6 5. g3 Nc6 6. Bg2 Be7 7. O-O O-O 8. e5
Nd7 9. Re1 b5 10. h4 a5 11. Nf1 Qc7 12. Bf4 Bb7 13. N1h2 d4 14. Ng4 Nb4 15. Ng5
Bxg2 16. Kxg2 Qc6+ 17. Kh2 h5 18. Nf6+ Bxf6 19. Qxh5 Bxg5 20. hxg5 g6 21. Qh6
Qf3 22. Re2 0-1

[Event "Sparkassen Open A"]
[Site "Dortmund GER"]
[Date "2011.07.30"]
[Round "8.24"]
[White "Simon, Thomas"]
[Black "Linker, Walter"]
[Result "1/2-1/2"]
[WhiteElo "1963"]
[BlackElo "2112"]
[WhiteFideId "24645990"]
[BlackFideId "24619280"]
[EventDate "2011.07.23"]

1. Nf3 f5 2. g3 b6 3. Bg2 Bb7 4. d4 Nf6 5. O-O e6 6. c4 Be7 7. Nc3 O-O 8. Qc2
Ne4 9. b3 Nxc3 10. Qxc3 Bf6 11. Bb2 d6 12. Ne1 Bxg2 13. Nxg2 Nc6 1/2-1/2

[Event "Sparkassen Open A"]
[Site "Dortmund GER"]
[Date "2011.07.30"]
[Round "8.26"]
[White "Evers, Leo"]
[Black "Schmidt, Kai-Uwe"]
[Result "1-0"]
[WhiteElo "2101"]
[BlackElo "2050"]
[WhiteFideId "4633490"]
[BlackFideId "4608755"]
[EventDate "2011.07.23"]

1. e4 c5 2. Nf3 d6 3. g3 Nc6 4. Bg2 g6 5. d3 Bg7 6. Nbd2 e5 7. c3 Nge7 8. O-O
O-O 9. Nh4 Be6 10. f4 exf4 11. gxf4 f5 12. Ndf3 Kh8 13. Re1 Qd7 14. Qe2 Rae8 15.
Be3 b6 16. Qc2 d5 17. Ng5 Bg8 18. exf5 Nxf5 19. Bh3 Rxe3 20. Rxe3 Nxe3 21. Qf2
Nf5 22. Bxf5 Rxf5 23. Nxg6+ hxg6 24. Qh4+ Bh6 25. Qxh6+ Bh7 26. Re1 Rxg5+ 27.
Qxg5 Kg7 28. Kg2 Bg8 29. h4 d4 30. c4 Qf5 31. Qxf5 gxf5 32. Re8 Nb4 33. Re7+ Kg6
34. Rxa7 Nxd3 35. b3 Nxf4+ 36. Kf3 Nd3 37. Ra6 Ne5+ 38. Kf4 Nd7 39. a4 Kh5 40.
Ra8 Nf6 41. Rf8 Kg6 42. Rb8 Nh5+ 43. Kf3 Be6 44. Rxb6 Kf6 45. a5 f4 46. a6 d3
47. a7 d2 48. Rd6 Ke5 49. Rxd2 Nf6 50. Re2+ 1-0

[Event "Sparkassen Open A"]
[Site "Dortmund GER"]
[Date "2011.07.30"]
[Round "8.27"]
[White "Henrotte, Nils"]
[Black "Strathoff, Jens"]
[Result "0-1"]
[WhiteElo "1951"]
[BlackElo "2098"]
[WhiteFideId "12923311"]
[BlackFideId "4699084"]
[EventDate "2011.07.23"]

1. d4 d5 2. c3 Nf6 3. Bf4 e6 4. e3 Bd6 5. Bxd6 cxd6 6. Nf3 O-O 7. Be2 Ne4 8.
Nbd2 f5 9. c4 g5 10. cxd5 g4 11. Nxe4 gxf3 12. Bxf3 fxe4 13. Bxe4 Qa5+ 14. Kf1
Qb5+ 15. Qe2 Qxe2+ 16. Kxe2 Na6 17. dxe6 Bxe6 18. Rhc1 d5 19. Bf3 Rac8 20. a3
Nb8 21. Rxc8 Rxc8 22. Kd2 Nd7 23. Rc1 Rxc1 24. Kxc1 Nf6 25. Kd2 Kf7 26. h3 Ke7
27. Be2 Ne4+ 28. Ke1 Nd6 29. Kd2 Kf6 30. b3 Kg5 31. Bd3 h6 32. Ke2 b6 33. Kf3 a5
34. h4+ Kf6 35. Kf4 Bf5 36. Bxf5 Nxf5 37. g3 Nd6 38. f3 Nb5 39. a4 Nc3 40. Kg4
Ne2 41. f4 h5+ 42. Kf3 Nc1 43. g4 hxg4+ 44. Kxg4 Nxb3 45. h5 b5 46. e4 dxe4 47.
axb5 Nxd4 48. b6 a4 49. b7 Nc6 50. f5 a3 51. h6 a2 52. h7 Kg7 53. f6+ 0-1

[Event "Sparkassen Open A"]
[Site "Dortmund GER"]
[Date "2011.07.30"]
[Round "8.30"]
[White "Merkel, Markus"]
[Black "Schuetzhold, Frank"]
[Result "0-1"]
[WhiteElo "2197"]
[BlackElo "1908"]
[WhiteFideId "4675657"]
[BlackFideId "4624980"]
[EventDate "2011.07.23"]

1. g3 Nf6 2. Bg2 d5 3. Nf3 Bf5 4. c4 c6 5. b3 e6 6. O-O Be7 7. Bb2 O-O 8. d3 h6
9. Nbd2 Nbd7 10. Qc2 Rc8 11. Bc3 Qc7 12. b4 b5 13. c5 Rfe8 14. a4 a6 15. Qb2 Bh7
16. Rfe1 Bf8 17. e4 dxe4 18. dxe4 e5 19. axb5 axb5 20. Ra6 Bxc5 21. bxc5 Nxc5
22. Ra5 Nd3 23. Qa2 Qb6 24. Re2 Nc1 25. Nc4 bxc4 26. Qxc4 Nxe2+ 27. Qxe2 Bxe4
28. Nxe5 Bxg2 29. Kxg2 Nd5 30. Qh5 Qc7 31. Bd4 Nf6 0-1

[Event "Sparkassen Open A"]
[Site "Dortmund GER"]
[Date "2011.07.30"]
[Round "8.31"]
[White "Hillebrand, Carsten"]
[Black "Shishkov, Mark"]
[Result "1-0"]
[WhiteElo "2145"]
[BlackElo "1954"]
[WhiteFideId "12905950"]
[BlackFideId "12911682"]
[EventDate "2011.07.23"]

1. c4 Nf6 2. g3 c6 3. Nf3 d5 4. Bg2 dxc4 5. O-O Bf5 6. Na3 Qd5 7. Nc2 Be4 8. Ne3
Qc5 9. b3 cxb3 10. Qxb3 Qb6 11. Qd1 e6 12. d3 Bg6 13. Nc4 Qd8 14. a4 a5 15. Bd2
Nd5 16. Qb3 Bb4 17. Rfd1 Na6 18. d4 Bxd2 19. Nfxd2 Ndb4 20. Rac1 O-O 21. Ne4 b5
22. Ne5 Rc8 23. Nc5 bxa4 24. Qxa4 Nxc5 25. Rxc5 Nd5 26. Rdc1 Nb4 27. Qxa5 Qxd4
28. R5c4 Qb2 29. Nxg6 1-0

[Event "Sparkassen Open A"]
[Site "Dortmund GER"]
[Date "2011.07.30"]
[Round "8.32"]
[White "Andersen, Knut"]
[Black "Puetter, Pascal"]
[Result "1-0"]
[WhiteElo "2093"]
[BlackElo "1965"]
[WhiteFideId "4672666"]
[BlackFideId "1271567"]
[EventDate "2011.07.23"]

1. c4 e5 2. Nc3 Nf6 3. g3 d5 4. cxd5 Nxd5 5. Bg2 Nxc3 6. bxc3 c6 7. Qc2 Be7 8.
Nf3 Qc7 9. O-O O-O 10. Bb2 f5 11. e4 f4 12. d4 exd4 13. cxd4 Nd7 14. d5 fxg3 15.
hxg3 Bf6 16. dxc6 Bxb2 17. Qxb2 Qxc6 18. Qb3+ Kh8 19. e5 Nc5 20. Qc3 Bh3 21.
Rac1 Bxg2 22. Kxg2 Rae8 23. Rfe1 b6 24. Re3 Re6 25. Rce1 Qa4 26. Ng5 Qxa2 27.
Rf3 Rxf3 28. Qxf3 Re8 29. Qf5 g6 30. Qf6+ Kg8 31. e6 Rf8 32. Nf7 Qd5+ 33. Kg1
Rxf7 34. Qxf7+ 1-0

[Event "Sparkassen Open A"]
[Site "Dortmund GER"]
[Date "2011.07.30"]
[Round "8.33"]
[White "Meyer, Michael"]
[Black "Henkemeier, Markus"]
[Result "1-0"]
[WhiteElo "2083"]
[BlackElo "1895"]
[WhiteFideId "12926744"]
[BlackFideId "1271859"]
[EventDate "2011.07.23"]

1. d4 d5 2. c4 c6 3. Nc3 Nf6 4. Bf4 dxc4 5. e3 Bf5 6. Bxc4 e6 7. Nge2 Bd6 8. Bg5
Nbd7 9. e4 Bg4 10. e5 h6 11. Bxf6 1-0

[Event "Sparkassen Open A"]
[Site "Dortmund GER"]
[Date "2011.07.30"]
[Round "8.35"]
[White "Hagedorn, Alfons"]
[Black "Zwielich, Frank"]
[Result "0-1"]
[WhiteElo "1958"]
[BlackElo "2056"]
[WhiteFideId "24651508"]
[BlackFideId "12916846"]
[EventDate "2011.07.23"]

1. e4 c5 2. Nf3 g6 3. Bc4 Bg7 4. e5 Nc6 5. Qe2 Qc7 6. O-O Nxe5 7. Nc3 Nxc4 8.
Qxc4 Qc6 9. Re1 d6 10. Ng5 e6 11. Qf4 Nf6 12. Nce4 Ke7 13. b4 h6 14. Bb2 e5 15.
Nxd6 hxg5 16. Nxc8+ Raxc8 17. Rxe5+ Kf8 18. Rxg5 cxb4 19. Qxb4+ Kg8 20. d4 Ne4
21. Rg4 Qd6 22. Qxb7 Qxh2+ 23. Kf1 Rxc2 24. Qb8+ Qxb8 0-1

[Event "Sparkassen Open A"]
[Site "Dortmund GER"]
[Date "2011.07.30"]
[Round "8.36"]
[White "Morgenroth, Hubertus"]
[Black "Maniocha, Marek"]
[Result "0-1"]
[WhiteElo "1829"]
[BlackElo "2052"]
[WhiteFideId "12922269"]
[BlackFideId "4636821"]
[EventDate "2011.07.23"]

1. e4 e5 2. Nf3 Nc6 3. Bc4 Nf6 4. Ng5 d5 5. exd5 Na5 6. Bb5+ c6 7. dxc6 bxc6 8.
Be2 h6 9. Nh3 Bd6 10. d3 O-O 11. Nc3 Qc7 12. Bf3 Rb8 13. Rb1 Re8 14. Be3 e4 15.
Be2 exd3 16. Qxd3 Rb4 17. Ng1 Nc4 18. Nf3 Nxe3 19. fxe3 Ng4 20. e4 f5 21. e5
Bxe5 22. Nxe5 Qxe5 23. a3 Rd4 24. Qg3 f4 25. Qf3 Ne3 26. Rc1 Bg4 27. Qf2 Bf5 28.
Qf3 Be4 29. Nxe4 Rxe4 30. Kd2 Qd4+ 31. Bd3 Nc4+ 32. Kd1 Nxb2+ 33. Kd2 Re3 34.
Qf1 c5 35. Rb1 c4 36. Kc1 Nxd3+ 37. cxd3 Qc3+ 0-1

[Event "Sparkassen Open A"]
[Site "Dortmund GER"]
[Date "2011.07.30"]
[Round "8.37"]
[White "Eckert, Marius"]
[Black "Freise, Eckhard"]
[Result "0-1"]
[WhiteElo "1894"]
[BlackElo "2032"]
[WhiteFideId "12922234"]
[BlackFideId "4652193"]
[EventDate "2011.07.23"]

1. e4 e5 2. Nf3 Nc6 3. Bc4 Nf6 4. d4 exd4 5. O-O Nxe4 6. Re1 d5 7. Bxd5 Qxd5 8.
Nc3 Qa5 9. Nxe4 Be6 10. Bg5 h6 11. Bh4 g5 12. Bg3 O-O-O 13. a3 Bg7 14. b4 Qd5
15. Rb1 Rhe8 16. Ned2 Bg4 17. h3 Bh5 18. Rb3 f5 19. Nf1 f4 20. Bh2 Ne5 21. N1d2
Nc4 22. Nxc4 Qxc4 0-1

[Event "Sparkassen Open A"]
[Site "Dortmund GER"]
[Date "2011.07.30"]
[Round "8.39"]
[White "Schmitz, Tim"]
[Black "Baerwolf, Steven"]
[Result "1/2-1/2"]
[WhiteElo "1934"]
[BlackElo "1818"]
[WhiteFideId "1270221"]
[BlackFideId "24658634"]
[EventDate "2011.07.23"]

1. e4 e5 2. Nf3 d6 3. d4 Nd7 4. Bc4 Be7 5. Nc3 c6 6. a4 Ngf6 7. O-O O-O 8. Qe2
Qc7 9. h3 h6 10. Ba2 a5 11. Be3 Nb6 12. dxe5 dxe5 13. Nxe5 Qxe5 14. Bxb6 c5 15.
Nb5 Bd7 16. f4 Qxe4 17. Qxe4 Nxe4 18. Rfe1 Bc6 19. Nc7 Rad8 20. Bxa5 Bf6 21. Nb5
b6 22. Bxb6 Rd2 23. Ba5 Rxc2 24. Bb1 Rxb2 25. Bxe4 Bxe4 26. Rxe4 Rxb5 27. axb5
Bxa1 28. Bc7 Bf6 1/2-1/2

[Event "Sparkassen Open A"]
[Site "Dortmund GER"]
[Date "2011.07.30"]
[Round "8.44"]
[White "Ehrlacher, Markus"]
[Black "Brehm, Stefan"]
[Result "0-1"]
[WhiteElo "1928"]
[BlackElo "1760"]
[WhiteFideId "4699696"]
[BlackFideId "1271613"]
[EventDate "2011.07.23"]

1. d4 Nf6 2. Nf3 c5 3. e3 e6 4. Bd3 d5 5. c3 Bd6 6. Nbd2 O-O 7. O-O Nbd7 8. Re1
Qc7 9. e4 dxe4 10. Nxe4 Nxe4 11. Rxe4 Re8 12. Rh4 Nf8 13. Ng5 g6 14. Qf3 cxd4
15. cxd4 Qe7 16. Bd2 Rd8 17. Rh6 Rb8 18. Ne4 Nd7 19. Nxd6 Qxd6 20. Bf4 e5 21.
dxe5 Nxe5 22. Bxe5 Qxe5 23. Bc4 Be6 24. Bxe6 Qxe6 25. Rh3 Rd2 26. Qe3 Rbd8 27.
Qxe6 fxe6 28. g4 Rxb2 29. Rb3 Rdd2 30. Rxb2 Rxb2 31. a4 h6 32. Rc1 Rb4 33. Rc8+
Kf7 34. Rc7+ Kf6 35. h3 a5 36. Rc5 Rxa4 37. Rb5 Ra1+ 38. Kg2 a4 39. Rxb7 a3 40.
Ra7 Ke5 41. Ra6 Kd5 42. Kh2 g5 43. Kg2 Ra2 44. Kg1 Kc4 45. Rxe6 Rb2 46. Ra6 a2
47. Kg2 Kb3 0-1

[Event "Sparkassen Open A"]
[Site "Dortmund GER"]
[Date "2011.07.30"]
[Round "8.45"]
[White "Simanowski, Mio"]
[Black "Oberste, Norbert"]
[Result "1/2-1/2"]
[WhiteElo "1833"]
[BlackElo "1865"]
[WhiteFideId "24687154"]
[BlackFideId "24608432"]
[EventDate "2011.07.23"]

1. e4 e6 2. d4 d5 3. e5 c5 4. c3 Nc6 5. Nf3 f6 6. exf6 Nxf6 7. Be3 cxd4 8. Nxd4
Bd6 9. Be2 O-O 10. O-O a6 11. Nd2 e5 12. Nxc6 bxc6 13. Nf3 Ng4 14. Bg5 Qc7 15.
h3 e4 16. hxg4 exf3 17. Bxf3 Bh2+ 18. Kh1 Bf4 19. Bxf4 Qxf4 20. Bxd5+ Kh8 21.
Bxc6 Qh6+ 22. Kg1 Qxc6 23. Qd4 Bb7 24. f3 Rad8 25. Qb4 Rfe8 26. Rae1 Rxe1 27.
Rxe1 Qd7 28. Re7 Qd1+ 29. Kh2 Bxf3 30. gxf3 Rd2+ 31. Kg3 Qg1+ 32. Kf4 Qh2+ 33.
Kf5 Rd8 34. Qe4 1/2-1/2

[Event "Sparkassen Open A"]
[Site "Dortmund GER"]
[Date "2011.07.30"]
[Round "8.48"]
[White "Deinert, Wolfgang"]
[Black "Niediek, Cedric"]
[Result "1/2-1/2"]
[WhiteElo "1843"]
[BlackElo "1820"]
[WhiteFideId "4685229"]
[BlackFideId "12936685"]
[EventDate "2011.07.23"]

1. e4 c5 2. Nf3 Nc6 3. d4 cxd4 4. Nxd4 e5 5. Nb5 a6 6. N5c3 Nf6 7. Bg5 Be7 8.
Be2 O-O 9. O-O Nxe4 10. Bxe7 Nxc3 11. Nxc3 Qxe7 12. Ne4 Nd4 13. Re1 Rd8 14. c3
Nxe2+ 15. Rxe2 d5 16. Rd2 Be6 17. Ng3 Rac8 18. Qe2 f6 19. Re1 Qc5 20. Nh5 Bf7
21. Qg4 Bxh5 22. Qxh5 Qc4 23. a3 Qf4 24. Rde2 g6 25. Qh3 Qf5 26. Qe3 Kg7 27. Qb6
Rd7 28. Re3 Rc6 29. Qb3 Qe6 30. Qd1 Rcd6 31. Rd3 Qf7 32. h3 d4 33. cxd4 Rxd4 34.
Ree3 Qc4 35. Rxd4 Rxd4 36. Qf3 e4 37. Qg3 Rd1+ 38. Kh2 Qc1 39. Qb8 Rh1+ 40. Kg3
Qxb2 41. Qc7+ Kh6 42. Rxe4 Qxa3+ 43. f3 g5 44. Re7 Qd3 45. Re4 Rd1 46. Re6 Qf5
47. Re4 Rd7 48. Qc8 Rd5 49. Qf8+ Kg6 50. Qe8+ Kh6 51. Qf8+ 1/2-1/2